[Event "European Women's Championship"]
[Site "Vysoke Tatry"]
[Date "2018.04.13"]
[Round "6"]
[White "Semenova, Elena"]
[Black "Trippold, Denise"]
[Result "1/2-1/2"]
[Board "57"]
[WhiteElo "2221"]
[WhiteTitle "WIM"]
[WhiteCountry "RUS"]
[WhiteFideId "24125148"]
[WhiteEloChange "-4"]
[BlackElo "2067"]
[BlackTitle "WFM"]
[BlackCountry "AUT"]
[BlackFideId "1625594"]
[BlackEloChange "4"]

1. e4 {[%clk 1:30:56]} e6 {[%clk 1:30:51]} 2. d4 {[%clk 1:31:13]} d5 {[%clk
1:31:15]} 3. Nd2 {[%clk 1:31:30]} c5 {[%clk 1:31:31]} 4. Ngf3 {[%clk 1:31:53]}
cxd4 {[%clk 1:31:39]} 5. Nxd4 {[%clk 1:31:50]} Nc6 {[%clk 1:29:21]} 6. Bb5 {[%clk
1:31:54]} Bd7 {[%clk 1:25:56]} 7. Nxc6 {[%clk 1:30:57]} bxc6 {[%clk 1:24:00]} 8.
Bd3 {[%clk 1:31:10]} Bd6 {[%clk 1:16:44]} 9. O-O {[%clk 1:28:29]} Nf6 {[%clk
1:16:28]} 10. c4 {[%clk 1:28:17]} O-O {[%clk 1:14:45]} 11. Qe2 {[%clk 1:11:53]}
Qc7 {[%clk 1:13:13]} 12. h3 {[%clk 1:11:22]} Rab8 {[%clk 1:10:15]} 13. Re1 {[%clk
1:05:13]} e5 {[%clk 0:52:27]} 14. cxd5 {[%clk 0:51:29]} cxd5 {[%clk 0:52:49]} 15.
exd5 {[%clk 0:51:22]} Nxd5 {[%clk 0:51:31]} 16. Nc4 {[%clk 0:47:53]} Nf4 {[%clk
0:36:54]} 17. Bxf4 {[%clk 0:48:00]} exf4 {[%clk 0:37:23]} 18. Red1 {[%clk
0:41:39]} Bc5 {[%clk 0:34:07]} 19. Rac1 {[%clk 0:37:11]} Be6 {[%clk 0:32:46]} 20.
b3 {[%clk 0:24:42]} Rfe8 {[%clk 0:30:32]} 21. Qf3 {[%clk 0:18:12]} Rbd8 {[%clk
0:28:32]} 22. Nd2 {[%clk 0:12:07]} Qa5 {[%clk 0:24:48]} 23. Bxh7+ {[%clk
0:09:08]} Kxh7 {[%clk 0:24:24]} 24. Qh5+ {[%clk 0:09:30]} Kg8 {[%clk 0:24:49]}
25. Qxc5 {[%clk 0:06:46]} Qxa2 {[%clk 0:15:23]} 26. Rc2 {[%clk 0:04:12]} Qa6
{[%clk 0:15:46]} 27. Rdc1 {[%clk 0:04:02]} Rc8 {[%clk 0:13:50]} 28. Qd4 {[%clk
0:03:41]} Rxc2 {[%clk 0:12:13]} 29. Rxc2 {[%clk 0:04:10]} Qe2 {[%clk 0:12:08]}
30. Rc7 {[%clk 0:04:12]} Qd1+ {[%clk 0:08:53]} 31. Kh2 {[%clk 0:04:37]} Bxb3
{[%clk 0:08:32]} 32. Qd7 {[%clk 0:02:11]} Rf8 {[%clk 0:06:01]} 33. Rc8 {[%clk
0:01:20]} Rxc8 {[%clk 0:05:54]} 34. Qxc8+ {[%clk 0:01:49]} Kh7 {[%clk 0:06:19]}
35. Qf5+ {[%clk 0:01:47]} Kg8 {[%clk 0:06:44]} 36. Nf3 {[%clk 0:01:14]} Qd5
{[%clk 0:03:05]} 37. Qxf4 {[%clk 0:01:30]} f6 {[%clk 0:03:26]} 38. Qb8+ {[%clk
0:01:52]} Kh7 {[%clk 0:03:50]} 39. Qxa7 {[%clk 0:02:20]} Qd6+ {[%clk 0:03:04]}
40. g3 {[%clk 0:32:06]} Qd5 {[%clk 0:32:12]} 41. Qe3 {[%clk 0:30:51]} Ba4 {[%clk
0:30:11]} 42. Nd4 {[%clk 0:28:22]} Bc6 {[%clk 0:29:01]} 43. Nxc6 {[%clk 0:27:40]}
Qxc6 {[%clk 0:29:27]} 44. h4 {[%clk 0:28:06]} Qd5 {[%clk 0:26:26]} 45. g4 {[%clk
0:26:14]} Qd6+ {[%clk 0:26:33]} 46. Kh3 {[%clk 0:26:18]} Qd5 {[%clk 0:26:56]} 47.
f3 {[%clk 0:26:21]} Qb5 {[%clk 0:23:13]} 48. h5 {[%clk 0:24:11]} Qa6 {[%clk
0:19:16]} 49. Kg3 {[%clk 0:19:20]} Qd6+ {[%clk 0:18:36]} 50. Qf4 {[%clk 0:18:50]}
Qd1 {[%clk 0:17:54]} 51. Qf5+ {[%clk 0:18:10]} Kh8 {[%clk 0:16:45]} 52. Qc5
{[%clk 0:16:39]} Qd2 {[%clk 0:13:26]} 53. Qc8+ {[%clk 0:15:42]} Kh7 {[%clk
0:13:54]} 54. Qf5+ {[%clk 0:16:01]} Kh8 {[%clk 0:14:14]} 55. Qe6 {[%clk 0:15:47]}
Kh7 {[%clk 0:13:48]} 56. Qf5+ {[%clk 0:14:38]} Kh8 {[%clk 0:14:14]} 57. Qc5
{[%clk 0:14:51]} Kh7 {[%clk 0:13:38]} 58. Qf2 {[%clk 0:14:21]} Qc3 {[%clk
0:13:15]} 59. Qe2 {[%clk 0:14:24]} Qc7+ {[%clk 0:10:16]} 60. Kg2 {[%clk 0:14:38]}
Qc1 {[%clk 0:10:01]} 61. Qe4+ {[%clk 0:12:23]} Kh8 {[%clk 0:10:29]} 62. Kf2
{[%clk 0:11:51]} Qd2+ {[%clk 0:10:11]} 63. Qe2 {[%clk 0:12:13]} Qd4+ {[%clk
0:10:19]} 64. Qe3 {[%clk 0:11:34]} Qb2+ {[%clk 0:08:58]} 65. Kg3 {[%clk 0:12:01]}
Qb8+ {[%clk 0:08:48]} 66. f4 {[%clk 0:12:05]} Qb4 {[%clk 0:05:46]} 67. Qe8+
{[%clk 0:07:24]} Kh7 {[%clk 0:06:15]} 68. Kf3 {[%clk 0:06:53]} Qb3+ {[%clk
0:05:38]} 69. Qe3 {[%clk 0:07:16]} Qd1+ {[%clk 0:06:03]} 70. Kg3 {[%clk 0:07:37]}
Qd6 {[%clk 0:04:57]} 71. Qe4+ {[%clk 0:05:35]} Kh8 {[%clk 0:05:26]} 72. Kh4
{[%clk 0:04:35]} Qd2 {[%clk 0:05:23]} 73. Qe8+ {[%clk 0:03:24]} Kh7 {[%clk
0:05:52]} 74. Qe4+ {[%clk 0:03:43]} Kh8 {[%clk 0:06:21]} 75. g5 {[%clk 0:03:20]}
fxg5+ {[%clk 0:05:14]} 76. fxg5 {[%clk 0:03:16]} Qh2+ {[%clk 0:05:20]} 77. Kg4
{[%clk 0:03:45]} Qg1+ {[%clk 0:05:27]} 78. Kf5 {[%clk 0:03:33]} Qf2+ {[%clk
0:04:33]} 79. Ke6 {[%clk 0:03:35]} Qb6+ {[%clk 0:04:40]} 80. Kf7 {[%clk 0:03:27]}
Qc7+ {[%clk 0:04:05]} 81. Qe7 {[%clk 0:03:29]} Qc4+ {[%clk 0:03:28]} 82. Qe6
{[%clk 0:03:39]} Qc7+ {[%clk 0:03:29]} 83. Ke8 {[%clk 0:03:26]} Qb8+ {[%clk
0:03:40]} 84. Ke7 {[%clk 0:03:11]} Qc7+ {[%clk 0:03:39]} 85. Ke8 {[%clk 0:03:19]}
Qb8+ {[%clk 0:04:03]} 86. Kd7 {[%clk 0:03:45]} Qb5+ {[%clk 0:03:54]} 87. Qc6
{[%clk 0:03:27]} Qxg5 {[%clk 0:04:07]} 88. Qg6 {[%clk 0:03:45]} Qxg6 {[%clk
0:04:09]} 1/2-1/2

[Event "European Women's Championship"]
[Site "Vysoke Tatry"]
[Date "2018.04.13"]
[Round "6"]
[White "Antolak, Julia"]
[Black "Chan, Naruna"]
[Result "1-0"]
[Board "58"]
[WhiteElo "2212"]
[WhiteTitle "WFM"]
[WhiteCountry "POL"]
[WhiteFideId "1159569"]
[WhiteEloChange "3"]
[BlackElo "1909"]
[BlackCountry "RUS"]
[BlackFideId "24124290"]
[BlackEloChange "-3"]

1. e4 {[%clk 1:30:57]} c5 {[%clk 1:30:56]} 2. Nf3 {[%clk 1:31:21]} Nc6 {[%clk
1:31:22]} 3. d4 {[%clk 1:31:45]} cxd4 {[%clk 1:31:47]} 4. Nxd4 {[%clk 1:32:11]}
e5 {[%clk 1:32:13]} 5. Nb5 {[%clk 1:32:35]} d6 {[%clk 1:32:40]} 6. N1c3 {[%clk
1:32:36]} a6 {[%clk 1:33:00]} 7. Na3 {[%clk 1:33:01]} Be7 {[%clk 1:33:21]} 8. Be3
{[%clk 1:32:55]} Be6 {[%clk 1:29:34]} 9. Nc4 {[%clk 1:31:36]} b5 {[%clk 1:24:37]}
10. Nb6 {[%clk 1:31:16]} Rb8 {[%clk 1:24:58]} 11. Nbd5 {[%clk 1:31:04]} Nf6
{[%clk 1:21:29]} 12. a4 {[%clk 1:24:22]} b4 {[%clk 1:06:51]} 13. Nxf6+ {[%clk
1:23:47]} Bxf6 {[%clk 0:57:34]} 14. Nd5 {[%clk 1:23:06]} Bxd5 {[%clk 0:56:02]}
15. exd5 {[%clk 1:08:59]} Na5 {[%clk 0:54:10]} 16. Bxa6 {[%clk 1:06:45]} O-O
{[%clk 0:54:31]} 17. O-O {[%clk 1:05:46]} Bg5 {[%clk 0:49:31]} 18. Bxg5 {[%clk
0:55:06]} Qxg5 {[%clk 0:49:59]} 19. Qe1 {[%clk 0:52:33]} Qd8 {[%clk 0:35:25]} 20.
Bb5 {[%clk 0:44:09]} b3 {[%clk 0:33:12]} 21. Qd1 {[%clk 0:42:25]} bxc2 {[%clk
0:23:56]} 22. Qxc2 {[%clk 0:42:47]} Qh4 {[%clk 0:20:21]} 23. Qc3 {[%clk 0:40:37]}
Nb7 {[%clk 0:18:15]} 24. b4 {[%clk 0:40:21]} f5 {[%clk 0:17:50]} 25. f4 {[%clk
0:38:08]} exf4 {[%clk 0:14:59]} 26. Qd4 {[%clk 0:38:22]} Qe7 {[%clk 0:11:27]} 27.
Qxf4 {[%clk 0:35:14]} g5 {[%clk 0:11:29]} 28. Qc4 {[%clk 0:33:44]} f4 {[%clk
0:09:11]} 29. Rae1 {[%clk 0:29:35]} Qg7 {[%clk 0:07:35]} 30. Qe4 {[%clk 0:17:46]}
Nd8 {[%clk 0:07:07]} 31. Bc6 {[%clk 0:14:32]} Qc3 {[%clk 0:04:03]} 32. b5 {[%clk
0:13:15]} Nf7 {[%clk 0:04:14]} 33. Rc1 {[%clk 0:10:23]} Qa5 {[%clk 0:04:30]} 34.
Kh1 {[%clk 0:08:17]} Ne5 {[%clk 0:04:36]} 35. Ra1 {[%clk 0:08:11]} Rf6 {[%clk
0:01:32]} 36. Qe1 {[%clk 0:08:04]} Qd8 {[%clk 0:01:33]} 37. a5 {[%clk 0:07:11]}
Nxc6 {[%clk 0:00:36]} 38. dxc6 {[%clk 0:06:27]} Rxb5 {[%clk 0:00:53]} 39. c7
{[%clk 0:05:20]} Qc8 {[%clk 0:00:46]} 40. Qe7 {[%clk 0:33:57]} Rf7 {[%clk
0:30:56]} 41. Qd8+ {[%clk 0:33:30]} Rf8 {[%clk 0:30:38]} 42. Qxd6 {[%clk
0:26:06]} 1-0

[Event "European Women's Championship"]
[Site "Vysoke Tatry"]
[Date "2018.04.13"]
[Round "6"]
[White "Ozbay, Ece"]
[Black "Hapala, Elisabeth"]
[Result "0-1"]
[Board "60"]
[WhiteElo "2216"]
[WhiteTitle "WFM"]
[WhiteCountry "TUR"]
[WhiteFideId "6351743"]
[WhiteEloChange "-13"]
[BlackElo "2091"]
[BlackTitle "WFM"]
[BlackCountry "AUT"]
[BlackFideId "1622080"]
[BlackEloChange "13"]

1. e4 {[%clk 1:30:56]} c5 {[%clk 1:30:56]} 2. Nf3 {[%clk 1:31:20]} e6 {[%clk
1:31:22]} 3. d4 {[%clk 1:31:45]} cxd4 {[%clk 1:31:49]} 4. Nxd4 {[%clk 1:32:10]}
a6 {[%clk 1:32:16]} 5. Nc3 {[%clk 1:30:17]} Qc7 {[%clk 1:32:32]} 6. Be3 {[%clk
1:30:40]} Nf6 {[%clk 1:26:10]} 7. Qf3 {[%clk 1:25:30]} Bb4 {[%clk 1:24:43]} 8.
Bd2 {[%clk 1:19:28]} Qe5 {[%clk 0:47:16]} 9. Nb3 {[%clk 1:13:54]} d5 {[%clk
0:43:50]} 10. O-O-O {[%clk 1:02:18]} dxe4 {[%clk 0:34:19]} 11. Qe2 {[%clk
1:01:48]} Nc6 {[%clk 0:27:25]} 12. g3 {[%clk 1:00:25]} O-O {[%clk 0:24:17]} 13.
Bf4 {[%clk 0:55:59]} Qf5 {[%clk 0:23:08]} 14. Bd2 {[%clk 0:50:28]} Qf3 {[%clk
0:18:08]} 15. Qxf3 {[%clk 0:47:58]} exf3 {[%clk 0:18:37]} 16. a3 {[%clk 0:47:58]}
Be7 {[%clk 0:16:05]} 17. h3 {[%clk 0:42:40]} Rd8 {[%clk 0:09:57]} 18. g4 {[%clk
0:41:15]} b5 {[%clk 0:08:12]} 19. g5 {[%clk 0:40:53]} Nd5 {[%clk 0:08:20]} 20. h4
{[%clk 0:40:42]} Nxc3 {[%clk 0:04:27]} 21. Bxc3 {[%clk 0:41:09]} Rxd1+ {[%clk
0:03:15]} 22. Kxd1 {[%clk 0:41:37]} Bb7 {[%clk 0:02:57]} 23. Nd2 {[%clk 0:37:56]}
Rd8 {[%clk 0:02:49]} 24. b4 {[%clk 0:37:38]} Nd4 {[%clk 0:02:25]} 25. Bd3 {[%clk
0:36:37]} e5 {[%clk 0:02:30]} 26. Re1 {[%clk 0:33:46]} f6 {[%clk 0:02:49]} 27.
Kc1 {[%clk 0:30:51]} a5 {[%clk 0:02:04]} 28. Kb2 {[%clk 0:29:47]} axb4 {[%clk
0:02:28]} 29. axb4 {[%clk 0:30:12]} Nc6 {[%clk 0:01:54]} 30. gxf6 {[%clk
0:29:03]} gxf6 {[%clk 0:02:19]} 31. Ne4 {[%clk 0:24:12]} Kf7 {[%clk 0:02:06]} 32.
Bxb5 {[%clk 0:23:46]} Nxb4 {[%clk 0:01:29]} 33. Ng3 {[%clk 0:18:19]} Ke6 {[%clk
0:00:44]} 34. Ra1 {[%clk 0:16:52]} Rb8 {[%clk 0:00:41]} 35. Kc1 {[%clk 0:14:26]}
Bd5 {[%clk 0:00:48]} 36. Bf1 {[%clk 0:12:33]} Bc5 {[%clk 0:00:38]} 37. Bh3+
{[%clk 0:12:22]} Kd6 {[%clk 0:00:40]} 38. Nf5+ {[%clk 0:12:10]} Kc6 {[%clk
0:01:04]} 39. Be1 {[%clk 0:07:35]} Na2+ {[%clk 0:00:40]} 40. Kd1 {[%clk 0:37:46]}
Bc4 {[%clk 0:30:34]} 41. Bd2 {[%clk 0:32:01]} Bxf2 {[%clk 0:28:24]} 42. Ne7+
{[%clk 0:31:32]} Kc5 {[%clk 0:27:07]} 43. Ba5 {[%clk 0:30:51]} Ra8 {[%clk
0:20:09]} 0-1

[Event "European Women's Championship"]
[Site "Vysoke Tatry"]
[Date "2018.04.13"]
[Round "6"]
[White "Kubicka, Anna"]
[Black "Kaliadzich, Maryia"]
[Result "1-0"]
[Board "61"]
[WhiteElo "2215"]
[WhiteTitle "WFM"]
[WhiteCountry "POL"]
[WhiteFideId "1152254"]
[WhiteEloChange "6"]
[BlackElo "2078"]
[BlackCountry "BLR"]
[BlackFideId "13500015"]
[BlackEloChange "-6"]

1. e4 {[%clk 1:30:51]} c6 {[%clk 1:30:54]} 2. d4 {[%clk 1:31:13]} d5 {[%clk
1:31:19]} 3. e5 {[%clk 1:31:26]} c5 {[%clk 1:31:42]} 4. dxc5 {[%clk 1:31:51]} Nc6
{[%clk 1:32:09]} 5. Nf3 {[%clk 1:32:09]} Bg4 {[%clk 1:32:33]} 6. c3 {[%clk
1:32:12]} e6 {[%clk 1:32:55]} 7. b4 {[%clk 1:31:52]} a6 {[%clk 1:33:11]} 8. Bf4
{[%clk 1:24:46]} g5 {[%clk 1:19:52]} 9. Bg3 {[%clk 1:23:08]} Bg7 {[%clk 1:13:58]}
10. Nbd2 {[%clk 1:16:48]} Nge7 {[%clk 1:08:35]} 11. h3 {[%clk 0:51:06]} Bxf3
{[%clk 0:59:16]} 12. Nxf3 {[%clk 0:51:18]} Ng6 {[%clk 0:58:39]} 13. Qe2 {[%clk
0:48:25]} h6 {[%clk 0:53:25]} 14. Qe3 {[%clk 0:42:56]} Qc7 {[%clk 0:52:04]} 15.
Be2 {[%clk 0:41:04]} Ngxe5 {[%clk 0:41:28]} 16. Nd4 {[%clk 0:36:05]} Qd8 {[%clk
0:36:58]} 17. Rd1 {[%clk 0:30:47]} Nxd4 {[%clk 0:31:12]} 18. Rxd4 {[%clk
0:24:11]} Nc6 {[%clk 0:31:04]} 19. Rd1 {[%clk 0:24:35]} Qf6 {[%clk 0:29:52]} 20.
O-O {[%clk 0:21:21]} Qxc3 {[%clk 0:29:09]} 21. Rd3 {[%clk 0:20:59]} Qxb4 {[%clk
0:28:00]} 22. Bd6 {[%clk 0:19:35]} O-O-O {[%clk 0:15:12]} 23. Rb3 {[%clk
0:12:58]} Qd4 {[%clk 0:13:15]} 24. Qc1 {[%clk 0:11:29]} Be5 {[%clk 0:12:10]} 25.
Qa3 {[%clk 0:09:08]} Bxd6 {[%clk 0:10:39]} 26. cxd6 {[%clk 0:09:23]} Qa7 {[%clk
0:08:16]} 27. Rfb1 {[%clk 0:04:03]} Nd4 {[%clk 0:02:33]} 28. Qc1+ {[%clk
0:02:12]} Nc6 {[%clk 0:02:09]} 29. Rxb7 {[%clk 0:01:40]} Qxb7 {[%clk 0:02:37]}
30. Rxb7 {[%clk 0:02:05]} Kxb7 {[%clk 0:03:05]} 31. Bxa6+ {[%clk 0:00:53]} Kb6
{[%clk 0:03:12]} 32. Bd3 {[%clk 0:01:02]} Rhf8 {[%clk 0:03:03]} 33. Qb2+ {[%clk
0:01:06]} Kc5 {[%clk 0:03:06]} 34. Qa3+ {[%clk 0:01:25]} Kd4 {[%clk 0:01:59]} 35.
Bb5 {[%clk 0:01:43]} Ke5 {[%clk 0:01:13]} 36. Bxc6 {[%clk 0:02:05]} Rxd6 {[%clk
0:01:08]} 37. Qg3+ {[%clk 0:02:30]} 1-0

[Event "European Women's Championship"]
[Site "Vysoke Tatry"]
[Date "2018.04.13"]
[Round "6"]
[White "Makka, Ioulia"]
[Black "Richterova, Natasa"]
[Result "0-1"]
[Board "62"]
[WhiteElo "2076"]
[WhiteTitle "WIM"]
[WhiteCountry "GRE"]
[WhiteFideId "4205316"]
[WhiteEloChange "-7"]
[BlackElo "2181"]
[BlackTitle "WIM"]
[BlackCountry "CZE"]
[BlackFideId "350591"]
[BlackEloChange "7"]

1. e4 {[%clk 1:30:57]} e5 {[%clk 1:30:54]} 2. Nf3 {[%clk 1:31:17]} Nc6 {[%clk
1:31:20]} 3. Bb5 {[%clk 1:31:32]} a6 {[%clk 1:31:37]} 4. Ba4 {[%clk 1:31:52]} Nf6
{[%clk 1:32:00]} 5. d3 {[%clk 1:32:01]} d6 {[%clk 1:32:11]} 6. O-O {[%clk
1:30:18]} b5 {[%clk 1:28:23]} 7. Bb3 {[%clk 1:30:40]} Na5 {[%clk 1:28:41]} 8. c3
{[%clk 1:28:51]} Nxb3 {[%clk 1:28:53]} 9. axb3 {[%clk 1:28:40]} c5 {[%clk
1:26:09]} 10. c4 {[%clk 1:19:06]} b4 {[%clk 1:20:12]} 11. Ne1 {[%clk 1:18:50]} g6
{[%clk 1:17:39]} 12. f4 {[%clk 0:54:47]} Bg4 {[%clk 1:02:12]} 13. Nf3 {[%clk
0:52:04]} exf4 {[%clk 0:44:38]} 14. Bxf4 {[%clk 0:51:31]} Nh5 {[%clk 0:41:53]}
15. Be3 {[%clk 0:49:36]} Bg7 {[%clk 0:42:00]} 16. Qc1 {[%clk 0:41:58]} O-O {[%clk
0:36:06]} 17. Bh6 {[%clk 0:31:14]} Bxf3 {[%clk 0:31:48]} 18. Rxf3 {[%clk
0:29:58]} Bd4+ {[%clk 0:30:51]} 19. Be3 {[%clk 0:25:03]} Be5 {[%clk 0:22:48]} 20.
Nd2 {[%clk 0:22:28]} Ng7 {[%clk 0:22:42]} 21. Qc2 {[%clk 0:11:30]} Ne6 {[%clk
0:17:32]} 22. Raf1 {[%clk 0:09:55]} a5 {[%clk 0:17:44]} 23. Rh3 {[%clk 0:09:23]}
Bd4 {[%clk 0:13:22]} 24. Bxd4 {[%clk 0:08:07]} Nxd4 {[%clk 0:13:45]} 25. Qd1
{[%clk 0:07:40]} Qe7 {[%clk 0:10:25]} 26. Kh1 {[%clk 0:07:03]} Qe5 {[%clk
0:10:16]} 27. Qe1 {[%clk 0:06:17]} Ne6 {[%clk 0:08:39]} 28. Qh4 {[%clk 0:04:41]}
Qg7 {[%clk 0:04:58]} 29. Rf6 {[%clk 0:03:01]} a4 {[%clk 0:05:11]} 30. bxa4 {[%clk
0:02:48]} Rxa4 {[%clk 0:05:31]} 31. Rhf3 {[%clk 0:01:11]} Ra2 {[%clk 0:05:30]}
32. h3 {[%clk 0:00:53]} Rxb2 {[%clk 0:05:51]} 33. Nf1 {[%clk 0:00:50]} Nd4 {[%clk
0:02:29]} 34. Rg3 {[%clk 0:00:39]} Rb1 {[%clk 0:02:26]} 35. Kh2 {[%clk 0:00:49]}
b3 {[%clk 0:01:54]} 36. Ne3 {[%clk 0:00:49]} b2 {[%clk 0:02:17]} 37. Nd5 {[%clk
0:00:47]} Rh1+ {[%clk 0:02:13]} 38. Kxh1 {[%clk 0:01:15]} b1Q+ {[%clk 0:02:37]}
39. Kh2 {[%clk 0:01:17]} Ne2 {[%clk 0:02:27]} 40. Ne7+ {[%clk 0:30:34]} Kh8
{[%clk 0:32:52]} 0-1

[Event "European Women's Championship"]
[Site "Vysoke Tatry"]
[Date "2018.04.13"]
[Round "6"]
[White "Petrenko, Svetlana"]
[Black "Azimova, Karina"]
[Result "1/2-1/2"]
[Board "63"]
[WhiteElo "2178"]
[WhiteTitle "IM"]
[WhiteCountry "MDA"]
[WhiteFideId "13900196"]
[WhiteEloChange "-3"]
[BlackElo "2069"]
[BlackTitle "WFM"]
[BlackCountry "RUS"]
[BlackFideId "4108310"]
[BlackEloChange "3"]

1. d4 {[%clk 1:30:58]} Nf6 {[%clk 1:30:52]} 2. c4 {[%clk 1:31:14]} Nc6 {[%clk
1:31:18]} 3. Nf3 {[%clk 1:30:15]} d6 {[%clk 1:31:44]} 4. g3 {[%clk 1:27:10]} e5
{[%clk 1:31:54]} 5. d5 {[%clk 1:18:45]} Ne7 {[%clk 1:31:10]} 6. Nc3 {[%clk
1:18:39]} Ng6 {[%clk 1:31:33]} 7. e4 {[%clk 1:18:01]} Be7 {[%clk 1:31:39]} 8. Bg2
{[%clk 1:17:24]} O-O {[%clk 1:32:00]} 9. h4 {[%clk 1:15:54]} Bg4 {[%clk 1:29:06]}
10. Qd3 {[%clk 1:13:58]} c6 {[%clk 1:28:44]} 11. Be3 {[%clk 1:01:36]} Qb8 {[%clk
1:26:37]} 12. a4 {[%clk 0:57:17]} Rc8 {[%clk 1:17:21]} 13. Nh2 {[%clk 0:49:14]}
Bd7 {[%clk 1:15:01]} 14. Bf3 {[%clk 0:49:04]} h6 {[%clk 1:12:07]} 15. h5 {[%clk
0:44:35]} Nf8 {[%clk 1:12:09]} 16. g4 {[%clk 0:44:49]} N6h7 {[%clk 1:12:01]} 17.
Nf1 {[%clk 0:41:24]} Bg5 {[%clk 1:10:45]} 18. Be2 {[%clk 0:37:59]} Rd8 {[%clk
0:58:59]} 19. Ng3 {[%clk 0:37:32]} Bxe3 {[%clk 0:52:44]} 20. Qxe3 {[%clk
0:35:39]} Ng5 {[%clk 0:51:20]} 21. f4 {[%clk 0:27:14]} exf4 {[%clk 0:51:28]} 22.
Qxf4 {[%clk 0:27:42]} Nfh7 {[%clk 0:51:06]} 23. O-O-O {[%clk 0:20:55]} a6 {[%clk
0:46:16]} 24. dxc6 {[%clk 0:19:58]} bxc6 {[%clk 0:44:14]} 25. Qxd6 {[%clk
0:19:32]} Qb3 {[%clk 0:42:42]} 26. Qa3 {[%clk 0:15:45]} Qb8 {[%clk 0:35:44]} 27.
Rd6 {[%clk 0:15:21]} Nf6 {[%clk 0:32:40]} 28. Rhd1 {[%clk 0:15:40]} Re8 {[%clk
0:28:35]} 29. e5 {[%clk 0:11:26]} Rxe5 {[%clk 0:25:52]} 30. Rxd7 {[%clk 0:11:53]}
Nxd7 {[%clk 0:24:31]} 31. Rxd7 {[%clk 0:12:21]} Qe8 {[%clk 0:23:36]} 32. Qd6
{[%clk 0:11:38]} Re6 {[%clk 0:21:09]} 33. Qd2 {[%clk 0:11:10]} Rb8 {[%clk
0:20:24]} 34. c5 {[%clk 0:08:44]} Re5 {[%clk 0:17:58]} 35. Qd4 {[%clk 0:06:15]}
Rxc5 {[%clk 0:16:50]} 36. Qxc5 {[%clk 0:04:46]} Qxd7 {[%clk 0:17:18]} 37. Nf5
{[%clk 0:04:14]} Qb7 {[%clk 0:14:02]} 38. Nd1 {[%clk 0:04:32]} Ne6 {[%clk
0:11:08]} 39. Qc3 {[%clk 0:04:16]} Qc7 {[%clk 0:10:02]} 40. Bc4 {[%clk 0:32:32]}
a5 {[%clk 0:34:19]} 41. Nde3 {[%clk 0:30:52]} Rd8 {[%clk 0:33:16]} 42. g5 {[%clk
0:21:03]} hxg5 {[%clk 0:32:30]} 43. h6 {[%clk 0:21:26]} g6 {[%clk 0:28:45]} 44.
Bxe6 {[%clk 0:16:09]} fxe6 {[%clk 0:28:51]} 45. Ng3 {[%clk 0:14:44]} Qa7 {[%clk
0:25:25]} 46. Ne4 {[%clk 0:11:33]} Qd4 {[%clk 0:23:53]} 47. Nxg5 {[%clk 0:11:26]}
Qxc3+ {[%clk 0:22:23]} 48. bxc3 {[%clk 0:11:55]} Rd3 {[%clk 0:22:40]} 49. Ng4
{[%clk 0:11:59]} Rxc3+ {[%clk 0:17:57]} 50. Kd2 {[%clk 0:12:28]} Rg3 {[%clk
0:18:21]} 51. Nf6+ {[%clk 0:11:43]} Kf8 {[%clk 0:18:50]} 52. h7 {[%clk 0:08:05]}
Kg7 {[%clk 0:14:34]} 53. Nxe6+ {[%clk 0:07:54]} Kh8 {[%clk 0:15:03]} 54. Ke2
{[%clk 0:05:18]} Ra3 {[%clk 0:13:50]} 55. Ng5 {[%clk 0:03:52]} Kg7 {[%clk
0:14:04]} 56. Ne6+ {[%clk 0:04:05]} Kh8 {[%clk 0:14:33]} 1/2-1/2

[Event "European Women's Championship"]
[Site "Vysoke Tatry"]
[Date "2018.04.13"]
[Round "6"]
[White "Batyte, Daiva"]
[Black "Dwilewicz, Katarzyna"]
[Result "0-1"]
[Board "64"]
[WhiteElo "2165"]
[WhiteTitle "WFM"]
[WhiteCountry "LTU"]
[WhiteFideId "12801860"]
[WhiteEloChange "-15"]
[BlackElo "1967"]
[BlackTitle "WFM"]
[BlackCountry "POL"]
[BlackFideId "1148486"]
[BlackEloChange "15"]

1. Nf3 {[%clk 1:30:55]} Nf6 {[%clk 1:30:43]} 2. c4 {[%clk 1:31:07]} e6 {[%clk
1:31:01]} 3. g3 {[%clk 1:31:01]} d5 {[%clk 1:31:18]} 4. b3 {[%clk 1:31:08]} c5
{[%clk 1:31:25]} 5. Bb2 {[%clk 1:29:54]} Nc6 {[%clk 1:29:51]} 6. cxd5 {[%clk
1:28:35]} exd5 {[%clk 1:30:14]} 7. Bg2 {[%clk 1:28:33]} Be7 {[%clk 1:26:58]} 8.
O-O {[%clk 1:28:24]} O-O {[%clk 1:27:23]} 9. d4 {[%clk 1:26:29]} Ne4 {[%clk
1:12:23]} 10. Nc3 {[%clk 1:13:55]} Be6 {[%clk 1:04:13]} 11. e3 {[%clk 1:08:51]}
Rc8 {[%clk 0:58:34]} 12. dxc5 {[%clk 1:02:24]} Nxc5 {[%clk 0:53:59]} 13. Ne2
{[%clk 0:53:55]} Bf6 {[%clk 0:50:16]} 14. Bxf6 {[%clk 0:51:58]} Qxf6 {[%clk
0:50:43]} 15. Nfd4 {[%clk 0:51:37]} Rfd8 {[%clk 0:49:49]} 16. Rc1 {[%clk
0:39:12]} Ne4 {[%clk 0:48:47]} 17. f3 {[%clk 0:33:44]} Nd6 {[%clk 0:45:56]} 18.
Qd2 {[%clk 0:30:59]} Re8 {[%clk 0:34:33]} 19. Rfe1 {[%clk 0:27:07]} Bd7 {[%clk
0:29:31]} 20. Rcd1 {[%clk 0:23:25]} g6 {[%clk 0:20:24]} 21. Nxc6 {[%clk 0:20:04]}
Bxc6 {[%clk 0:13:52]} 22. Nf4 {[%clk 0:13:50]} Nf5 {[%clk 0:16:29]} 23. Bh3
{[%clk 0:12:38]} Rcd8 {[%clk 0:16:35]} 24. Bxf5 {[%clk 0:11:16]} Qxf5 {[%clk
0:16:47]} 25. Qd4 {[%clk 0:10:50]} a5 {[%clk 0:13:33]} 26. h4 {[%clk 0:09:57]} h6
{[%clk 0:12:44]} 27. g4 {[%clk 0:09:45]} Qe5 {[%clk 0:13:02]} 28. Qxe5 {[%clk
0:09:43]} Rxe5 {[%clk 0:13:30]} 29. Kf2 {[%clk 0:09:46]} Kg7 {[%clk 0:08:00]} 30.
Rd4 {[%clk 0:09:44]} Rde8 {[%clk 0:07:01]} 31. a3 {[%clk 0:09:25]} f6 {[%clk
0:04:51]} 32. Nd3 {[%clk 0:09:09]} R5e7 {[%clk 0:04:56]} 33. Nc5 {[%clk 0:07:38]}
b6 {[%clk 0:04:25]} 34. Nd3 {[%clk 0:07:55]} Bb7 {[%clk 0:03:58]} 35. Nf4 {[%clk
0:07:41]} Re5 {[%clk 0:01:49]} 36. Rd3 {[%clk 0:07:41]} Rc8 {[%clk 0:01:53]} 37.
Red1 {[%clk 0:07:46]} Rc7 {[%clk 0:01:35]} 38. Kg3 {[%clk 0:07:02]} g5 {[%clk
0:01:34]} 39. Nh5+ {[%clk 0:06:33]} Kg6 {[%clk 0:00:48]} 40. hxg5 {[%clk
0:36:32]} hxg5 {[%clk 0:30:40]} 41. f4 {[%clk 0:31:09]} Ree7 {[%clk 0:30:32]} 42.
Re1 {[%clk 0:18:59]} b5 {[%clk 0:09:47]} 43. fxg5 {[%clk 0:17:26]} fxg5 {[%clk
0:10:16]} 44. Rf1 {[%clk 0:17:11]} b4 {[%clk 0:09:55]} 45. Rf6+ {[%clk 0:16:54]}
Kh7 {[%clk 0:10:24]} 46. axb4 {[%clk 0:15:25]} axb4 {[%clk 0:10:52]} 47. e4
{[%clk 0:05:33]} Rc3 {[%clk 0:07:16]} 48. Rxc3 {[%clk 0:04:12]} bxc3 {[%clk
0:07:44]} 49. exd5 {[%clk 0:04:04]} Bxd5 {[%clk 0:07:07]} 50. Rd6 {[%clk
0:03:03]} c2 {[%clk 0:05:50]} 51. Nf6+ {[%clk 0:02:58]} Kg7 {[%clk 0:05:53]} 52.
Nh5+ {[%clk 0:01:55]} Kf8 {[%clk 0:06:04]} 53. Rd8+ {[%clk 0:00:52]} Re8 {[%clk
0:06:06]} 54. Rxd5 {[%clk 0:01:09]} c1Q {[%clk 0:06:09]} 55. Rf5+ {[%clk
0:01:29]} Ke7 {[%clk 0:06:24]} 56. Re5+ {[%clk 0:01:45]} Kd8 {[%clk 0:06:34]} 57.
Rxe8+ {[%clk 0:00:46]} Kxe8 {[%clk 0:07:02]} 58. Kh3 {[%clk 0:00:51]} Qc3+ {[%clk
0:06:51]} 59. Ng3 {[%clk 0:01:08]} Qxb3 {[%clk 0:07:16]} 60. Kg2 {[%clk 0:01:33]}
Kf7 {[%clk 0:06:59]} 61. Kh2 {[%clk 0:01:40]} Qf3 {[%clk 0:04:49]} 62. Kh3 {[%clk
0:01:42]} Kg6 {[%clk 0:04:57]} 63. Kh2 {[%clk 0:01:58]} Qxg4 {[%clk 0:05:20]} 64.
Kg2 {[%clk 0:02:25]} Kf6 {[%clk 0:05:20]} 65. Kh2 {[%clk 0:02:48]} Ke5 {[%clk
0:05:28]} 66. Nf1 {[%clk 0:03:00]} Qe2+ {[%clk 0:05:26]} 67. Kg1 {[%clk 0:03:23]}
Kf4 {[%clk 0:05:13]} 68. Nh2 {[%clk 0:03:47]} Kg3 {[%clk 0:04:54]} 69. Nf1+
{[%clk 0:04:13]} Kh3 {[%clk 0:05:09]} 0-1